Loading...
| Religion | 2 | 3 | 0 | 2 | 60 | 66 | 97.60 | 0 | 1 |
| Fine Arts - Other Fine Arts | 1 | 5 | 3 | 1 | 50 | 69 | 105.67 | 1 | 3 |
| History - American History | 1 | 3 | 0 | 1 | 45 | 25 | 85.50 | 1 | 2 |
| Literature - British Literature | 0 | 4 | 0 | 2 | 40 | 76 | 111.50 | 1 | 1 |
| Literature - American Literature | 1 | 2 | 0 | 0 | 35 | 72 | 102.33 | 1 | 3 |
| Science - Physics | 0 | 4 | 1 | 2 | 35 | 88 | 110.25 | 0 | 2 |
| Philosophy | 0 | 3 | 0 | 1 | 30 | 79 | 104.33 | 0 | 2 |
| Science - Chemistry | 0 | 4 | 2 | 1 | 30 | 74 | 105.25 | 0 | 2 |
| History - Other History | 0 | 4 | 2 | 0 | 30 | 62 | 70.50 | 0 | 2 |
| Literature - World Literature | 0 | 3 | 0 | 0 | 30 | 116 | 126.33 | 0 | 0 |
| History - World History | 0 | 3 | 1 | 1 | 25 | 87 | 115.00 | 0 | 0 |
| History - European History | 1 | 1 | 1 | 0 | 20 | 34 | 64.50 | 1 | 2 |
| Fine Arts - Visual Fine Arts | 0 | 2 | 0 | 0 | 20 | 99 | 101.00 | 0 | 0 |
| Literature - European Literature | 0 | 2 | 1 | 1 | 15 | 84 | 111.50 | 0 | 0 |
| Science - Biology | 1 | 1 | 2 | 0 | 15 | 36 | 64.00 | 0 | 1 |
| Current Events | 0 | 1 | 0 | 0 | 10 | 101 | 101.00 | 0 | 0 |
| Geography | 0 | 2 | 2 | 1 | 10 | 64 | 93.50 | 0 | 1 |
| Other Academic | 0 | 1 | 0 | 1 | 10 | 136 | 136.00 | 0 | 0 |
| Science - Other Science | 0 | 2 | 2 | 0 | 10 | 59 | 84.50 | 0 | 1 |
| Fine Arts - Auditory Fine Arts | 0 | 1 | 1 | 0 | 5 | 158 | 158.00 | 0 | 0 |
| Social Science | 0 | 1 | 3 | 1 | -5 | 139 | 139.00 | 0 | 0 |